Z deště pod okap /

Hlavní autor: Ludwig, Otto, 1813-1865
Jazyk: Čeština
Vydáno: Praha : Alois Hynek, [1910]
Edice: Pestrá knihovna zábavy a kultury
Fyzický popis: 120 s. ; 16°
Knihy
Uloženo v:
LEADER 00863nam a22002652a 4500
001 001086373
003 CZ BrMZK
005 20100618112212.0
007 ta
008 100210s1910 xr er|||||||||||cze d
015 |a cnb000598290  |z cnb002093038 
040 |a ABA001  |b cze  |c LIA001  |d BOA001 
041 1 |a cze  |h und 
100 1 |a Ludwig, Otto,  |d 1813-1865  |7 ola2003169705  |4 aut 
245 1 0 |a Z deště pod okap /  |c Otto Ludwig ; přeložila Jaroslava Vobrubová a Antonín Veselý 
260 |a Praha :  |b Alois Hynek,  |c [1910] 
300 |a 120 s. ;  |c 16° 
490 1 |a Pestrá knihovna zábavy a kultury ;  |v 29/30 
500 |a Překlad? 
830 0 |a Pestrá knihovna zábavy a kultury  |0 s 
910 |a BOA001  |b 1-0296.287 
990 |a BK 
993 |a Y 
991 |b 201002 
996 6 |b 2619383064  |c 1-0296.287  |l MZK  |r Sklad / do 1 hodiny  |n 0  |w 001109874  |u 000010  |a 1  |e BOA001  |j MZK50  |s P